đŸŽ¶Paroles "Avoir et ĂȘtre" Yves Duteil - Statistiques

Statistiques générales
  • Ce quiz a Ă©tĂ© pris 8 fois
  • Le rĂ©sultat moyen est 258 sur 351
Statistiques - réponses
Mots % Correct
À
100%
Ă 
100%
a
100%
ai
100%
Au
100%
avoir
100%
Avoir
100%
c'
100%
d'
100%
de
100%
De
100%
des
100%
dĂšs
100%
Du
100%
du
100%
et
100%
Et
100%
ĂȘtre
100%
Être
100%
Être,
100%
Il
100%
il
100%
Ils
100%
j'
100%
l'
100%
la
100%
le
100%
Le
100%
les
100%
m'
100%
Ma
100%
ne
100%
qu'
100%
Que
100%
s'
100%
S'
100%
Sa
100%
sa
100%
se
100%
ses
100%
un
100%
Un
100%
accord
80%
Alors
80%
beau
80%
Bien
80%
bien
80%
ça
80%
Ce
80%
ce
80%
ces
80%
comment
80%
dans
80%
dire
80%
en
80%
En
80%
enseigna
80%
est
80%
Est
80%
était
80%
faire
80%
grammaire
80%
grand
80%
jour
80%
leur
80%
lui
80%
Mais
80%
mĂšre
80%
mes
80%
mots
80%
ni
80%
Nos
80%
On
80%
Ont
80%
pas
80%
peu
80%
peut
80%
plus
80%
pour
80%
Pour
80%
Son
80%
son
80%
sont
80%
toujours
80%
verbe
80%
aurait
60%
auxiliaires
60%
caractĂšres
60%
connus
60%
deux
60%
enfin
60%
étaient
60%
été
60%
fait
60%
frĂšre
60%
gardera
60%
laissé
60%
leurs
60%
livres
60%
met
60%
Parce
60%
pouvait
60%
pu
60%
rien
60%
sans
60%
soir
60%
souvent
60%
tous
60%
tout
60%
verbes
60%
verbes,
60%
vieux
60%
voulu
60%
abri
40%
Affaires
40%
alambiquées
40%
amassait
40%
apprenait
40%
arguties
40%
avoirs,
40%
avoirs
40%
banque
40%
beaucoup
40%
berceau
40%
besoin
40%
bons
40%
chimĂšres
40%
choses
40%
classe
40%
compter
40%
conjuguĂšrent
40%
cÎté
40%
cÎtés
40%
croire
40%
débonnaire
40%
déposséder
40%
dieu
40%
Écoutez
40%
efforts
40%
ego
40%
enrichir
40%
Entre
40%
esprit
40%
exister
40%
face
40%
faisait
40%
force
40%
fortunes
40%
frĂšres
40%
généreux
40%
histoire
40%
humanités
40%
inséparables
40%
intérieure
40%
interminables
40%
jumeaux
40%
liquidités
40%
lire
40%
Loin
40%
Lorsqu'
40%
lune
40%
maĂźtre
40%
manque
40%
meilleurs
40%
milieu
40%
montrait
40%
mystĂšres
40%
noblesse
40%
notoire
40%
numéro
40%
opposés
40%
originaux
40%
ostentatoire
40%
palabres
40%
Parmi
40%
parvenir
40%
Pendant
40%
perdre
40%
présomptueux
40%
prix
40%
pudeur
40%
rassemblés
40%
réconcilier
40%
répartis
40%
revanche,
40%
richesse
40%
rivaux
40%
singuliĂšre
40%
Souffrait
40%
tĂąches
40%
Tant
40%
titres
40%
voulait
40%
vouloir
40%
voyage
40%
Aucun quiz correspondant
Distribution des résultats
% des personnes avec chaque résultat
Percentile par nombre de réponses
Votre historique - résultats
Vous n’avez pas pris ce quiz